[Event "Zonal Oceania 2009"]
[Site "Tweed Heads AUS"]
[Date "2009.06.21"]
[Round "4.1"]
[White "Smerdon, David"]
[Black "Solomon, Stephen"]
[Result "1-0"]
[WhiteElo "2489"]
[BlackElo "2455"]
[PlyCount "119"]
[EventDate "2009.06.20"]
[EventType "swiss"]
[EventRounds "9"]
[EventCountry "AUS"]
[Source "lmi"]
[SourceDate "2009.06.20"]

1. e4 e5 2. Nf3 Nc6 3. d4 exd4 4. Nxd4 Bc5 5. Be3 Qf6 6. c3 Nge7 7. Qd2 d5 8.
Nb5 Bxe3 9. Qxe3 O-O 10. Nd2 dxe4 11. Nxe4 Qe5 12. Nc5 Qxe3+ 13. fxe3 Nd5 14.
e4 Ne3 15. Nxc7 Rb8 16. Kf2 Nxf1 17. Rhxf1 b6 18. Nd3 Rd8 19. Rad1 Bg4 20. Rd2
f5 21. Ke3 Rd7 22. Nd5 Re8 23. Nf2 Ne5 24. Kf4 Ng6+ 25. Kg3 Be2 26. Rxe2 Rxd5
27. exd5 Rxe2 28. Nd3 Rd2 29. Rf3 h5 30. d6 h4+ 31. Kh3 Kf7 32. Nf4 Ne5 33. Re3
Ng4 34. Re7+ Kf6 35. Re2 Rxd6 36. c4 Rd4 37. g3 Rxc4 38. Nd5+ Kf7 39. Re7+ Kf8
40. Rxa7 Rc2 41. Kxh4 Rxb2 42. Kg5 Rxh2 43. Nxb6 Rg2 44. Kxf5 Rxg3 45. a4 Nf6
46. a5 Rb3 47. Nc4 Kg8 48. a6 Rc3 49. Rc7 Nd5 50. Rc8+ Kh7 51. a7 Ne7+ 52. Kg5
Nxc8 53. a8=Q Rxc4 54. Qh1+ Kg8 55. Qd5+ Kf8 56. Qxc4 Ne7 57. Qe6 Ke8 58. Kf4
Kf8 59. Ke5 Ng8 60. Qc8+ 1-0

[Event "Zonal Oceania 2009"]
[Site "Tweed Heads AUS"]
[Date "2009.06.21"]
[Round "4.2"]
[White "Canfell, Gregory"]
[Black "Zhao, Zong Yuan"]
[Result "0-1"]
[WhiteElo "2327"]
[BlackElo "2583"]
[PlyCount "108"]
[EventDate "2009.06.20"]
[EventType "swiss"]
[EventRounds "9"]
[EventCountry "AUS"]
[Source "lmi"]
[SourceDate "2009.06.20"]

1. e4 e5 2. Nf3 Nc6 3. Bb5 a6 4. Ba4 Nf6 5. O-O b5 6. Bb3 Bc5 7. c3 d6 8. Re1
O-O 9. d4 Bb6 10. Bg5 h6 11. Bh4 Bd7 12. a4 g5 13. axb5 axb5 14. Rxa8 Qxa8 15.
dxe5 Nxe5 16. Nxe5 dxe5 17. Bg3 Re8 18. Nd2 Qc6 19. Nf3 Qc5 20. Qd2 Be6 21. Bc2
Nd7 22. b4 Qd6 23. Bd3 c6 24. h4 g4 25. Nh2 Kg7 26. Rd1 Ra8 27. Qc1 Qe7 28. Be2
h5 29. Kh1 f6 30. f3 Ra2 31. Rd2 gxf3 32. Bxf3 Rxd2 33. Qxd2 Bf7 34. Nf1 Nf8
35. Ne3 Bxe3 36. Qxe3 Ne6 37. Be1 c5 38. Bd2 cxb4 39. cxb4 Kg8 40. g3 Qd7 41.
Kh2 Nd4 42. Bd1 Bg6 43. Qh6 Qf7 44. Kh3 Qe6+ 45. Kh2 Qf7 46. Kh3 Bxe4 47. Bxh5
Qe6+ 48. Kh2 Qf5 49. Qe3 Bc6 50. Be2 Qb1 51. Kh3 Qh1+ 52. Kg4 Qd5 53. Bd3 Qe6+
54. Kh5 Be8+ 0-1

[Event "Zonal Oceania 2009"]
[Site "Tweed Heads AUS"]
[Date "2009.06.21"]
[Round "4.3"]
[White "Xie, George"]
[Black "Smith, Robert"]
[Result "1-0"]
[WhiteElo "2402"]
[BlackElo "2274"]
[PlyCount "119"]
[EventDate "2009.06.20"]
[EventType "swiss"]
[EventRounds "9"]
[EventCountry "AUS"]
[Source "lmi"]
[SourceDate "2009.06.20"]

1. e4 c5 2. Nf3 g6 3. c3 Bg7 4. d4 cxd4 5. Bc4 e6 6. Bb3 Nc6 7. cxd4 d5 8. e5
Nge7 9. Nc3 Bd7 10. O-O a6 11. Re1 h6 12. h4 Na5 13. Bc2 Rc8 14. Bd3 b5 15. a3
Qb6 16. Ne2 Bf8 17. b3 Nec6 18. Bd2 b4 19. a4 Kd8 20. h5 g5 21. Nh2 Kc7 22. Ng4
Kb7 23. Be3 Be7 24. Rf1 Rcg8 25. Rb1 Qd8 26. Qd2 Be8 27. Bc2 f5 28. exf6 Bxf6
29. Nxf6 Qxf6 30. Nc1 Bxh5 31. Nd3 Qe7 32. Nc5+ Kb6 33. f4 Nb7 34. f5 Nxc5 35.
dxc5+ Ka7 36. fxe6 Qxe6 37. Rbe1 Rf8 38. Rxf8 Rxf8 39. Bxg5 Qf7 40. Bxh6 Re8
41. Rf1 Qg8 42. Bd3 Qh8 43. Bf5 Re2 44. Qg5 Qd4+ 45. Kh1 Be8 46. Bf8 Qh8+ 47.
Bh3 Qe5 48. Qh4 Qe4 49. Qf6 Re1 50. Bd6 Rxf1+ 51. Qxf1 d4 52. Bf5 Qh4+ 53. Kg1
Qf6 54. Bf4 Qe7 55. Bc8 d3 56. Qxd3 Qe1+ 57. Qf1 Qxf1+ 58. Kxf1 Nd4 59. Be3
Nxb3 60. Be6 1-0

[Event "Zonal Oceania 2009"]
[Site "Tweed Heads AUS"]
[Date "2009.06.21"]
[Round "4.4"]
[White "Lane, Gary"]
[Black "Scott, Ronald"]
[Result "1/2-1/2"]
[WhiteElo "2371"]
[BlackElo "2261"]
[PlyCount "80"]
[EventDate "2009.06.20"]
[EventType "swiss"]
[EventRounds "9"]
[EventCountry "AUS"]
[Source "lmi"]
[SourceDate "2009.06.20"]

1. e4 e5 2. Nf3 d6 3. d4 Nf6 4. Nc3 Nbd7 5. Bc4 Be7 6. O-O c6 7. a4 Qc7 8. Re1
h6 9. a5 Nf8 10. Nh4 g6 11. h3 Ne6 12. d5 Nd4 13. Nf3 c5 14. Nb5 Nxb5 15. Bxb5+
Bd7 16. Bf1 Rb8 17. Nh2 h5 18. f4 Ng8 19. Nf3 Nh6 20. Bd2 Kf8 21. fxe5 dxe5 22.
Nxe5 Qxe5 23. Bc3 Qg5 24. Bxh8 Bxh3 25. Qf3 Bd7 26. Bc3 Ng4 27. Qg3 Re8 28. e5
Qh4 29. Qxh4 Bxh4 30. Re2 Bg3 31. e6 fxe6 32. dxe6 Bxe6 33. Ra4 c4 34. Rxc4
Bxc4 35. Rxe8+ Kxe8 36. Bxc4 Bh2+ 37. Kh1 Be5 38. Bxe5 Nxe5 39. Bd5 b6 40. axb6
axb6 1/2-1/2

[Event "Zonal Oceania 2009"]
[Site "Tweed Heads AUS"]
[Date "2009.06.21"]
[Round "4.5"]
[White "Rej, Tomek"]
[Black "West, Guy"]
[Result "1/2-1/2"]
[WhiteElo "2308"]
[BlackElo "2343"]
[PlyCount "54"]
[EventDate "2009.06.20"]
[EventType "swiss"]
[EventRounds "9"]
[EventCountry "AUS"]
[Source "lmi"]
[SourceDate "2009.06.20"]

1. e4 e6 2. d4 d5 3. e5 c5 4. c3 Nc6 5. Nf3 Bd7 6. Be2 Nge7 7. dxc5 Ng6 8. b4
Ncxe5 9. Nxe5 Nxe5 10. O-O Be7 11. Be3 O-O 12. Nd2 b6 13. f4 Ng6 14. Nb3 Qc7
15. Qd2 Ba4 16. cxb6 axb6 17. Nd4 Bf6 18. f5 exf5 19. Rxf5 Be5 20. h3 Bd7 21.
Rff1 Rac8 22. Rac1 Bxh3 23. Nb5 Qb8 24. gxh3 Bxc3 25. Rxc3 Qg3+ 26. Kh1 Qxh3+
27. Kg1 Qg3+ 1/2-1/2

[Event "Zonal Oceania 2009"]
[Site "Tweed Heads AUS"]
[Date "2009.06.21"]
[Round "4.7"]
[White "Schon, Eugene"]
[Black "Bjelobrk, Igor"]
[Result "0-1"]
[WhiteElo "2186"]
[BlackElo "2332"]
[PlyCount "120"]
[EventDate "2009.06.20"]
[EventType "swiss"]
[EventRounds "9"]
[EventCountry "AUS"]
[Source "lmi"]
[SourceDate "2009.06.20"]

1. e4 c5 2. Nf3 e6 3. d4 cxd4 4. Nxd4 Nc6 5. Nc3 Qc7 6. Be3 Nf6 7. f4 Bb4 8.
Ndb5 Qa5 9. e5 Ne4 10. Qd3 Nxc3 11. bxc3 Be7 12. Nd6+ Bxd6 13. exd6 b6 14. Be2
Bb7 15. O-O O-O 16. Rfb1 Rac8 17. a4 Nb8 18. c4 Ba6 19. Rb5 Bxb5 20. cxb5 Rc3
21. Qd4 Rxe3 22. Qxe3 Qb4 23. Qd3 Qxf4 24. c4 f5 25. Rd1 a5 26. Qd4 Qxd4+ 27.
Rxd4 Kf7 28. Bf3 Rc8 29. Kf2 Kf6 30. Be2 Ke5 31. Ke3 g5 32. Kd3 h5 33. Kc3 g4
34. Rd3 Rh8 35. h3 gxh3 36. gxh3 h4 37. Bf3 Rg8 38. c5 bxc5 39. Kc4 Rg3 40.
Kxc5 Rxh3 41. Kb6 Kf4 42. Kc7 Rxf3 43. Rd1 h3 44. Kxb8 h2 45. Kc7 e5 46. Kxd7
e4 47. Kc7 Rd3 48. Rh1 Kg3 49. b6 Kg2 50. Rxh2+ Kxh2 51. b7 Rc3+ 52. Kd8 Rb3
53. Kc8 e3 54. d7 e2 55. d8=Q e1=Q 56. Qh8+ Kg2 57. Qg8+ Qg3 58. Qd5+ Kh2 59.
Qd2+ Kh3 60. Qh6+ Qh4 0-1

[Event "Zonal Oceania 2009"]
[Site "Tweed Heads AUS"]
[Date "2009.06.21"]
[Round "4.8"]
[White "Stead, Kerry"]
[Black "Ambrus, Endre"]
[Result "1/2-1/2"]
[WhiteElo "2087"]
[BlackElo "2375"]
[PlyCount "101"]
[EventDate "2009.06.20"]
[EventType "swiss"]
[EventRounds "9"]
[EventCountry "AUS"]
[Source "lmi"]
[SourceDate "2009.06.20"]

1. d4 d6 2. e4 Nc6 3. Be3 Nf6 4. f3 g6 5. Qd2 Bg7 6. Nc3 a6 7. Nge2 e5 8. O-O-O
exd4 9. Nxd4 Nxd4 10. Bxd4 Be6 11. g4 c5 12. Be3 Qa5 13. Qxd6 Nd7 14. Bg5 Bf8
15. Qd2 h6 16. Bh4 g5 17. Bg3 O-O-O 18. Nd5 Qxd2+ 19. Rxd2 h5 20. gxh5 Rxh5 21.
Be2 Rh6 22. Rhd1 Bh3 23. Ne3 Re8 24. Bc4 Rf6 25. Nd5 Rxf3 26. Be2 Rxg3 27. hxg3
Rxe4 28. Bf3 Re8 29. Nc3 Bg7 30. Ne4 Rg8 31. Nd6+ Kc7 32. Bd5 Bd4 33. Nc4 Rf8
34. c3 Bg7 35. Ne3 Nb6 36. Rh2 g4 37. Nf5 Be5 38. Re2 f6 39. Kc2 Nc8 40. Rg1
Nd6 41. Ng7 Rh8 42. a3 b5 43. Kd2 Kb6 44. Ke3 Rd8 45. Ne6 Nf5+ 46. Ke4 Nd6+ 47.
Kd3 Rd7 48. Nf8 Rd8 49. Ne6 Rd7 50. Nf8 Rd8 51. Ne6 1/2-1/2

[Event "Zonal Oceania 2009"]
[Site "Tweed Heads AUS"]
[Date "2009.06.21"]
[Round "4.9"]
[White "Krstev, Mario"]
[Black "Garbett, Paul"]
[Result "1/2-1/2"]
[WhiteElo "2086"]
[BlackElo "2319"]
[PlyCount "98"]
[EventDate "2009.06.20"]
[EventType "swiss"]
[EventRounds "9"]
[EventCountry "AUS"]
[Source "lmi"]
[SourceDate "2009.06.20"]

1. d4 f5 2. c4 Nf6 3. Nc3 d6 4. Nf3 g6 5. g3 Bg7 6. Bg2 O-O 7. O-O Qe8 8. Re1
Qf7 9. b3 Ne4 10. Bb2 Nd7 11. Qc2 Ndf6 12. e3 e6 13. Nd2 Nxd2 14. Qxd2 d5 15.
Rac1 Rd8 16. Qe2 Bd7 17. b4 a6 18. a4 Be8 19. Ra1 g5 20. b5 g4 21. Rec1 h5 22.
cxd5 exd5 23. Qc2 Qd7 24. Bf1 a5 25. Ne2 Rdc8 26. Nf4 Bf7 27. Bd3 Ne4 28. Qe2
Bh6 29. Ba3 Re8 30. Bxe4 dxe4 31. Ng2 Bg5 32. Rc3 Bd5 33. h4 Bh6 34. Rac1 Rec8
35. Qc2 c6 36. b6 Ra6 37. Bc5 Qf7 38. Qb2 Qd7 39. Qd2 Kf7 40. Nf4 Bxf4 41. exf4
Be6 42. Kf1 Rd8 43. Qe3 Qd5 44. R1c2 Kg6 45. Ke1 Qd7 46. Ke2 Qf7 47. Kf1 Ba2
48. Rc1 Qe6 49. Kg2 Rd7 1/2-1/2

[Event "Zonal Oceania 2009"]
[Site "Tweed Heads AUS"]
[Date "2009.06.21"]
[Round "4.10"]
[White "Jones, Brian"]
[Black "Feldman, Vladimir"]
[Result "1/2-1/2"]
[WhiteElo "2062"]
[BlackElo "2298"]
[PlyCount "29"]
[EventDate "2009.06.20"]
[EventType "swiss"]
[EventRounds "9"]
[EventCountry "AUS"]
[Source "lmi"]
[SourceDate "2009.06.20"]

1. d4 Nf6 2. c4 g6 3. Nc3 d5 4. Nf3 Bg7 5. Bf4 O-O 6. Rc1 dxc4 7. e4 c5 8. dxc5
Qa5 9. e5 Nfd7 10. Bxc4 Nxc5 11. O-O Nc6 12. Qe2 Bg4 13. Qe3 Ne6 14. Bxe6 Bxe6
15. Rfe1 1/2-1/2

[Event "Zonal Oceania 2009"]
[Site "Tweed Heads AUS"]
[Date "2009.06.21"]
[Round "4.11"]
[White "Rujevic, Mirko"]
[Black "Brown, Andrew"]
[Result "1-0"]
[WhiteElo "2282"]
[BlackElo "2085"]
[PlyCount "83"]
[EventDate "2009.06.20"]
[EventType "swiss"]
[EventRounds "9"]
[EventCountry "AUS"]
[Source "lmi"]
[SourceDate "2009.06.20"]

1. e4 c5 2. Nc3 Nc6 3. f4 g6 4. Nf3 Bg7 5. Bc4 e6 6. f5 Nge7 7. fxe6 dxe6 8. d3
O-O 9. a3 a6 10. O-O b5 11. Ba2 Nd4 12. Bg5 h6 13. Be3 Bb7 14. Qd2 Kh7 15. Nd1
f5 16. c3 fxe4 17. dxe4 Nxf3+ 18. gxf3 Qxd2 19. Bxd2 c4 20. b3 cxb3 21. Bxb3
Rf6 22. Ne3 Raf8 23. Kg2 g5 24. Ng4 Rg6 25. Rac1 h5 26. Nf2 Bh6 27. c4 Nc6 28.
cxb5 axb5 29. Rc5 Rf7 30. Rfc1 Nd4 31. Bd1 Kg8 32. Rc7 Rgg7 33. Rxf7 Rxf7 34.
Rc5 Rg7 35. Be3 Rd7 36. h4 Bf8 37. Rxg5+ Kf7 38. Rxh5 Bg7 39. Ng4 Nf5 40. exf5
Rxd1 41. f6 Bxf6 42. Rh7+ 1-0

[Event "Zonal Oceania 2009"]
[Site "Tweed Heads AUS"]
[Date "2009.06.21"]
[Round "4.13"]
[White "Fitzpatrick, Andrew"]
[Black "Levi, Eddy"]
[Result "1/2-1/2"]
[WhiteElo "2022"]
[BlackElo "2216"]
[PlyCount "40"]
[EventDate "2009.06.20"]
[EventType "swiss"]
[EventRounds "9"]
[EventCountry "AUS"]
[Source "lmi"]
[SourceDate "2009.06.20"]

1. e4 e5 2. Nc3 Nf6 3. Bc4 Nc6 4. d3 Be7 5. f4 exf4 6. Bxf4 d6 7. Nf3 Be6 8.
Bxe6 fxe6 9. O-O O-O 10. Qd2 Qd7 11. Rae1 Nh5 12. Bg5 e5 13. Nd5 Bxg5 14. Qxg5
Nf4 15. Nxf4 Rxf4 16. c3 Raf8 17. Nh4 Ne7 18. Rxf4 Rxf4 19. Rf1 Rxf1+ 20. Kxf1
Qe6 1/2-1/2

[Event "Zonal Oceania 2009"]
[Site "Tweed Heads AUS"]
[Date "2009.06.21"]
[Round "4.14"]
[White "Kumar, Manoj"]
[Black "Oliver, Gareth"]
[Result "1/2-1/2"]
[WhiteElo "2017"]
[BlackElo "2187"]
[PlyCount "38"]
[EventDate "2009.06.20"]
[EventType "swiss"]
[EventRounds "9"]
[EventCountry "AUS"]
[Source "lmi"]
[SourceDate "2009.06.20"]

1. d4 Nf6 2. Nf3 g6 3. Bf4 Bg7 4. e3 O-O 5. Be2 d6 6. O-O Nc6 7. h3 Nd7 8. e4
e5 9. Be3 Kh8 10. dxe5 Ncxe5 11. Nxe5 Bxe5 12. Nc3 f5 13. f4 Bg7 14. Bf3 Re8
15. Qd2 Qf6 16. Rad1 Qf7 17. Kh1 Nb6 18. a3 Be6 19. exf5 Bxf5 1/2-1/2

[Event "Zonal Oceania 2009"]
[Site "Tweed Heads AUS"]
[Date "2009.06.21"]
[Round "4.15"]
[White "Steadman, Michael"]
[Black "Stevens, Tristan"]
[Result "0-1"]
[WhiteElo "2262"]
[BlackElo "2006"]
[PlyCount "90"]
[EventDate "2009.06.20"]
[EventType "swiss"]
[EventRounds "9"]
[EventCountry "AUS"]
[Source "lmi"]
[SourceDate "2009.06.20"]

1. d4 d5 2. c4 e6 3. Nc3 c5 4. cxd5 cxd4 5. Qxd4 Nc6 6. Qd1 exd5 7. Qxd5 Bd7 8.
Nf3 Nf6 9. Qd1 Qc7 10. e3 O-O-O 11. Be2 Bh3 12. Bd2 Bxg2 13. Rg1 Bxf3 14. Bxf3
Qxh2 15. Rh1 Qd6 16. Rh4 Kb8 17. Nb5 Qc5 18. Qb3 Ne5 19. Bg2 Nd3+ 20. Ke2 Qf5
21. Be1 Nc5 22. Qc3 a6 23. Rd4 Be7 24. Rxd8+ Rxd8 25. Nd4 Qd7 26. Rd1 Qa4 27.
Rc1 Bd6 28. b4 Ne6 29. Nxe6 Qxa2+ 30. Kf1 Qxe6 31. Qd4 Qe5 32. Qh4 Qh5 33. Qc4
Qb5 34. Qxb5 axb5 35. Bc3 Rc8 36. Ke2 Rc4 37. Kd3 Nd7 38. Bd5 Rc7 39. Bxf7 Bxb4
40. Be8 Bxc3 41. Rxc3 Rxc3+ 42. Kxc3 Nf6 43. Bf7 Ne4+ 44. Kb4 Nxf2 45. Kxb5 Nd1
0-1

[Event "Zonal Oceania 2009"]
[Site "Tweed Heads AUS"]
[Date "2009.06.21"]
[Round "4.16"]
[White "Spiller, Paul"]
[Black "Marcos, Joselito"]
[Result "1-0"]
[WhiteElo "2005"]
[BlackElo "2200"]
[PlyCount "33"]
[EventDate "2009.06.20"]
[EventType "swiss"]
[EventRounds "9"]
[EventCountry "AUS"]
[Source "lmi"]
[SourceDate "2009.06.20"]

1. e4 e6 2. d3 d5 3. Nd2 c5 4. Ngf3 Nc6 5. g3 Nf6 6. Bg2 Be7 7. O-O O-O 8. e5
Nd7 9. Re1 Qc7 10. Qe2 b6 11. c3 Ba6 12. Nf1 Rac8 13. Bf4 Rfd8 14. h4 b5 15.
N1h2 c4 16. d4 b4 17. Ng5 1-0

[Event "Zonal Oceania 2009"]
[Site "Tweed Heads AUS"]
[Date "2009.06.21"]
[Round "4.17"]
[White "Cheng, Bobby"]
[Black "Jule, Alexandra"]
[Result "1-0"]
[WhiteElo "2103"]
[BlackElo "1928"]
[PlyCount "89"]
[EventDate "2009.06.20"]
[EventType "swiss"]
[EventRounds "9"]
[EventCountry "AUS"]
[Source "lmi"]
[SourceDate "2009.06.20"]

1. d4 d5 2. c4 c6 3. Nf3 Nf6 4. e3 e6 5. Nbd2 Nbd7 6. b3 Bd6 7. Bb2 O-O 8. Bd3
Re8 9. Ne5 dxc4 10. Ndxc4 Bb4+ 11. Kf1 c5 12. a3 Ba5 13. Qf3 cxd4 14. exd4 Nxe5
15. dxe5 Nd5 16. Qe4 g6 17. b4 Bc7 18. h4 b5 19. Ne3 Nxe3+ 20. Qxe3 Bb6 21. Qg3
Bd4 22. Bxd4 Qxd4 23. Re1 a5 24. h5 Rd8 25. Be4 Ra7 26. hxg6 fxg6 27. Rh4 Qd2
28. Rf4 Rf8 29. Rf6 Raf7 30. f3 axb4 31. axb4 Rxf6 32. exf6 Rxf6 33. Qe5 Qf4
34. Qxb5 e5 35. Qe8+ Rf8 36. Bd5+ Kg7 37. Qe7+ Kh6 38. b5 Rf5 39. Qc5 e4 40.
Qc6 exf3 41. Bxf3 Rh5 42. Re4 Qf5 43. Qc1+ Kg7 44. Qc3+ Kf7 45. Qc7+ 1-0

[Event "Zonal Oceania 2009"]
[Site "Tweed Heads AUS"]
[Date "2009.06.21"]
[Round "4.18"]
[White "Nakauchi, Gene"]
[Black "Ford, Daniel"]
[Result "1-0"]
[WhiteElo "2076"]
[BlackElo "1792"]
[PlyCount "71"]
[EventDate "2009.06.20"]
[EventType "swiss"]
[EventRounds "9"]
[EventCountry "AUS"]
[Source "lmi"]
[SourceDate "2009.06.20"]

1. d4 e6 2. c4 Nf6 3. Nc3 Bb4 4. e3 c5 5. Bd3 Nc6 6. Nf3 Bxc3+ 7. bxc3 d6 8.
O-O e5 9. Nd2 O-O 10. Rb1 exd4 11. cxd4 Nb4 12. Rxb4 cxb4 13. e4 Bd7 14. Qc2 b5
15. c5 dxc5 16. Qxc5 Qc8 17. Qxb4 a6 18. Nb3 Re8 19. d5 Qc7 20. Bb2 Qf4 21. Qd4
Rac8 22. f3 Rb8 23. Nc5 Bc8 24. g3 Qd2 25. Nb3 Qh6 26. Bc1 Qh5 27. Bf4 Ra8 28.
e5 Nd7 29. g4 Qh3 30. Be4 Nf8 31. Nc5 Ra7 32. Qd2 Qh4 33. Bg5 Qh3 34. Nd3 Bxg4
35. Nf2 Qh5 36. fxg4 1-0

[Event "Zonal Oceania 2009"]
[Site "Tweed Heads AUS"]
[Date "2009.06.21"]
[Round "4.19"]
[White "Selnes, Hamish"]
[Black "Vlietstra, Marc"]
[Result "1-0"]
[WhiteElo "1921"]
[BlackElo "2075"]
[PlyCount "69"]
[EventDate "2009.06.20"]
[EventType "swiss"]
[EventRounds "9"]
[EventCountry "AUS"]
[Source "lmi"]
[SourceDate "2009.06.20"]

1. d4 Nf6 2. c4 c5 3. d5 b5 4. Nf3 g6 5. Qc2 Bg7 6. e4 d6 7. a4 bxa4 8. Rxa4
O-O 9. Nc3 Na6 10. Be2 Nb4 11. Qd1 Bd7 12. Ra3 Qc7 13. O-O Rfb8 14. Ne1 Rb6 15.
f4 e6 16. Nf3 exd5 17. cxd5 Re8 18. e5 dxe5 19. fxe5 Ng4 20. d6 Qb8 21. Nd5
Nxe5 22. Nxb6 axb6 23. Nxe5 Bxe5 24. Bc4 Be6 25. Bxe6 fxe6 26. Qf3 Rf8 27.
Qxf8+ Qxf8 28. Rxf8+ Kxf8 29. Ra8+ Kf7 30. d7 Bc7 31. d8=Q Bxd8 32. Rxd8 c4 33.
Bd2 Nd3 34. Bc3 b5 35. Rb8 1-0

[Event "Zonal Oceania 2009"]
[Site "Tweed Heads AUS"]
[Date "2009.06.21"]
[Round "4.20"]
[White "Lester, George"]
[Black "Krstev, Antonio"]
[Result "1-0"]
[WhiteElo "1801"]
[BlackElo "2056"]
[PlyCount "149"]
[EventDate "2009.06.20"]
[EventType "swiss"]
[EventRounds "9"]
[EventCountry "AUS"]
[Source "lmi"]
[SourceDate "2009.06.20"]

1. d4 c5 2. d5 e6 3. c4 Nf6 4. Nc3 exd5 5. cxd5 d6 6. e4 g6 7. Bd3 Bg7 8. h3
O-O 9. Nf3 Na6 10. O-O Nc7 11. Re1 a6 12. Bf1 b5 13. e5 dxe5 14. Nxe5 Bb7 15.
Be3 Qd6 16. Nd3 Nd7 17. Bf4 Qb6 18. Ne5 Nxe5 19. Bxe5 Bxe5 20. Rxe5 Rad8 21.
Qc2 Nxd5 22. Nxd5 Rxd5 23. Rae1 Bc6 24. R5e3 Bd7 25. Qb3 Be6 26. Bc4 Rd6 27.
Bxe6 fxe6 28. Rxe6 c4 29. Qe3 Qxe3 30. R6xe3 Rd2 31. R3e2 Rfd8 32. f3 b4 33.
Kf2 c3 34. bxc3 bxc3 35. Ke3 Re8+ 36. Kf2 Rexe2+ 37. Rxe2 c2 38. Rxd2 c1=Q 39.
Re2 Kf7 40. a4 Qc5+ 41. Kg3 Qg1 42. h4 Kf6 43. Re4 Kf5 44. Kh3 Qf2 45. Kh2 a5
46. Kh3 Qc2 47. Rd4 Ke5 48. Re4+ Kd5 49. Kg3 Kc5 50. Kh3 h6 51. Kh2 Qc4 52.
Rxc4+ Kxc4 53. f4 h5 54. g4 Kd5 55. gxh5 gxh5 56. Kg2 Ke6 57. Kf2 Kf6 58. Ke3
Kf5 59. Kf3 Kf6 60. Ke4 Ke6 61. f5+ Kf7 62. Ke5 Ke7 63. f6+ Kf8 64. Kf4 Kg8 65.
Ke5 Kf7 66. Kf5 Kf8 67. Kg6 Kg8 68. Kxh5 Kf7 69. Kg5 Kg8 70. Kf4 Kf8 71. Ke5
Kf7 72. Kf5 Kf8 73. Ke6 Ke8 74. f7+ Kf8 75. h5 1-0

[Event "Zonal Oceania 2009"]
[Site "Tweed Heads AUS"]
[Date "2009.06.21"]
[Round "4.21"]
[White "Prasad, Calvin"]
[Black "Kempen, Leon"]
[Result "1-0"]
[WhiteElo "1912"]
[BlackElo "2050"]
[PlyCount "119"]
[EventDate "2009.06.20"]
[EventType "swiss"]
[EventRounds "9"]
[EventCountry "AUS"]
[Source "lmi"]
[SourceDate "2009.06.20"]

1. d4 d6 2. c4 g6 3. e4 e5 4. dxe5 dxe5 5. Qxd8+ Kxd8 6. Nf3 f6 7. Nc3 c6 8.
Be3 Kc7 9. Be2 Be6 10. Rc1 Nd7 11. O-O b6 12. Rfd1 Rd8 13. a3 Bh6 14. Bxh6 Nxh6
15. b4 Nf7 16. b5 Nc5 17. Nd2 Rxd2 18. Rxd2 Nb3 19. Rdd1 Nxc1 20. Rxc1 c5 21.
Nd5+ Bxd5 22. exd5 Nd6 23. g4 a6 24. a4 axb5 25. axb5 Ra8 26. f3 Ra2 27. Kf2
Nb7 28. Rc3 Kd6 29. Ke3 Na5 30. h4 Ra1 31. h5 gxh5 32. gxh5 Rh1 33. f4 Rh4 34.
fxe5+ Kxe5 35. Kd2 Rd4+ 36. Kc2 h6 37. Re3+ Re4 38. Rxe4+ Kxe4 39. d6 Nb7 40.
d7 Ke5 41. Bf3 Nd8 42. Kd3 Kd6 43. Bg4 Ke7 44. Ke4 Nf7 45. Kd5 Ne5 46. Bf5 Kd8
47. Bh3 Kc7 48. Ke6 Nxd7 49. Bf1 Kd8 50. Kf7 f5 51. Kg6 f4 52. Kxh6 Ke7 53. Kg7
Nf6 54. h6 Nh7 55. Kxh7 Kf7 56. Bd3 f3 57. Bf1 f2 58. Bd3 Kf8 59. Kg6 Kg8 60.
Kf6 1-0

[Event "Zonal Oceania 2009"]
[Site "Tweed Heads AUS"]
[Date "2009.06.21"]
[Round "4.22"]
[White "Bennett, Hilton"]
[Black "Juszczynski, Mathew"]
[Result "1/2-1/2"]
[WhiteElo "2028"]
[BlackElo "1914"]
[PlyCount "123"]
[EventDate "2009.06.20"]
[EventType "swiss"]
[EventRounds "9"]
[EventCountry "AUS"]
[Source "lmi"]
[SourceDate "2009.06.20"]

1. e4 c5 2. Nc3 Nc6 3. f4 e6 4. Nf3 d5 5. exd5 exd5 6. Bb5 Nf6 7. Bxc6+ bxc6 8.
d3 Bd6 9. O-O O-O 10. Na4 Qc7 11. g3 Bg4 12. b3 Rfe8 13. Qd2 Re7 14. Bb2 Bxf3
15. Rxf3 Rae8 16. Bxf6 gxf6 17. Rf2 Qd7 18. Raf1 Qg4 19. Qd1 Qh3 20. Qf3 Re3
21. Qg2 Qg4 22. Rf3 Re2 23. R3f2 R2e7 24. Qf3 Qf5 25. Kg2 Re3 26. Qd1 h5 27.
Nc3 h4 28. Re2 h3+ 29. Kh1 Rxe2 30. Nxe2 Qg4 31. Nc3 f5 32. Qxg4+ fxg4 33. Kg1
Kg7 34. Kf2 f5 35. Re1 Rxe1 36. Kxe1 Kf6 37. Nd1 Ke6 38. c4 Bc7 39. Ke2 Ba5 40.
Kf2 Bb4 41. Ke2 d4 42. Nf2 Ba5 43. Nd1 Bc7 44. Kf2 Kd7 45. Ke2 Kc8 46. Nf2 Kb7
47. Kd1 Ba5 48. Nh1 Bc7 49. Nf2 Ka6 50. Kc2 Ka5 51. Nh1 Ka6 52. Kd1 Ba5 53. Nf2
Bc3 54. Ke2 Kb7 55. Nd1 Bb4 56. Nf2 Ba3 57. Kd1 Bb2 58. Kc2 Bc3 59. Kd1 Kb6 60.
Ke2 Kc7 61. Nd1 Bb4 62. Nf2 1/2-1/2

[Event "Zonal Oceania 2009"]
[Site "Tweed Heads AUS"]
[Date "2009.06.21"]
[Round "4.23"]
[White "Jule, Sebastian"]
[Black "Pyke, Malcolm"]
[Result "1-0"]
[WhiteElo "1847"]
[BlackElo "2156"]
[PlyCount "73"]
[EventDate "2009.06.20"]
[EventType "swiss"]
[EventRounds "9"]
[EventCountry "AUS"]
[Source "lmi"]
[SourceDate "2009.06.20"]

1. d4 Nf6 2. c4 e5 3. dxe5 Ng4 4. Nf3 Bc5 5. e3 Nc6 6. Be2 O-O 7. O-O Ngxe5 8.
Nxe5 Nxe5 9. a3 a5 10. b3 Re8 11. Bb2 Ra6 12. Qd5 Qe7 13. Bxe5 Qxe5 14. Qxe5
Rxe5 15. Nc3 Rae6 16. Nd5 c6 17. Nf4 Re8 18. Nd3 Bd4 19. Nxe5 Bxa1 20. Nxf7 Bb2
21. Nd6 Rd8 22. a4 Ba3 23. Rd1 Bxd6 24. Rxd6 Kf8 25. e4 Ke7 26. e5 Rf8 27. g3
Kd8 28. f4 b6 29. Bg4 Kc7 30. Kf2 g5 31. Ke3 h5 32. Bxh5 gxf4+ 33. gxf4 Rh8 34.
Bg4 Rxh2 35. f5 Rh1 36. Rg6 Re1+ 37. Kf4 1-0

[Event "Zonal Oceania 2009"]
[Site "Tweed Heads AUS"]
[Date "2009.06.21"]
[Round "4.24"]
[White "Yuan, Yi"]
[Black "Stahnke, Alexander"]
[Result "1/2-1/2"]
[WhiteElo "2010"]
[BlackElo "1795"]
[PlyCount "120"]
[EventDate "2009.06.20"]
[EventType "swiss"]
[EventRounds "9"]
[EventCountry "AUS"]
[Source "lmi"]
[SourceDate "2009.06.20"]

1. e4 c5 2. c3 e6 3. d4 cxd4 4. cxd4 a6 5. Nc3 b5 6. Bd3 Bb7 7. Nf3 Nf6 8. a3
Be7 9. O-O d6 10. Be3 Nbd7 11. Rc1 Rc8 12. Nd2 e5 13. f4 exd4 14. Bxd4 Nc5 15.
Bb1 Ne6 16. Be3 d5 17. Nxd5 Bxd5 18. exd5 Nxd5 19. Qf3 Nxe3 20. Qxe3 O-O 21.
Rxc8 Qxc8 22. Kh1 Qc5 23. Qh3 h6 24. Qd3 g6 25. Ne4 Qc4 26. Qf3 Nd4 27. Qf2 Qe2
28. Qxe2 Nxe2 29. g3 f5 30. Nf2 Bf6 31. Nd3 Nd4 32. Nc5 Ra8 33. Nd7 Bg7 34.
Ba2+ Kh8 35. Rd1 Nc2 36. Rd2 Ne3 37. Ne5 Rc8 38. Kg1 Bxe5 39. fxe5 Rc1+ 40. Kf2
Ng4+ 41. Ke2 Nxe5 42. Rd8+ Kg7 43. Kd2 Rc7 44. Bd5 Rd7 45. Rxd7+ Nxd7 46. Bb7
Nc5 47. Bc8 a5 48. b4 Ne4+ 49. Kd3 axb4 50. axb4 Kf6 51. Bd7 Nd6 52. Kd4 g5 53.
Kd5 Ke7 54. Bc6 h5 55. Ke5 h4 56. gxh4 gxh4 57. h3 Nc4+ 58. Kd4 Na3 59. Ke5 Nc2
60. Bxb5 Nxb4 1/2-1/2